000 00557nam a2200217Ia 4500
003 OSt
005 20220928141718.0
006 a|||||r|||| 00| 0
007 ta
008 220927b |||||||| |||| 00| 0 eng d
024 _a17007
037 _cTextual
040 _aSDCL
_cSDCL
_beng
041 _2eng
_aeng
082 _aD651:915p1,N78, L9
100 _aGardner W E
_9501724
245 0 _aMachine-aided image analysis,1978.
260 _c1979
942 _hD651:915p1,N78, L9
_cTEXL
_2CC
999 _c819333
_d819333